00590nam a2200181Ia 4500008004100000020001500041041000800056082001700064100002300081245006300104250000600167260004400173300001100217650001200228700002300240999001900263952012600282210716s2007 xx 000 0 und d a8131407306 aeng a332.632 BANA aBanerjee, Arindam. aIPOs: concepts and experiences.bConcepts and experiences. a1 aHyderabadbICFAI University Pressc2007 avi,198 aFinance aBanerjee, Arindam. c202372d202372 001040708MBAaAIMITbAIMITd2008-03-03g400.00l0o332.632 BANApMBA04938r2026-05-23 00:00:00v200.00w2021-07-16yBK